| 000 | 00996nam a2200205 a 4500 | ||
|---|---|---|---|
| 001 | 000048490 | ||
| 005 | 20201002061207.0 | ||
| 008 | 190325s2014 dr 000 p spa d | ||
| 020 | _a9789945588118 | ||
| 040 |
_aDO-SdBNP _bspa _cBNPHU |
||
| 082 |
_axxxx _bH557ti |
||
| 100 | 1 |
_aHernández Acosta, Ángel, _d1922- _929242 |
|
| 245 | 1 | 0 |
_aTierra blanca : _bnarraciones / _cÁngel Átila Hernández Acosta ; presentación Nouel Florián. |
| 260 |
_aSanto Domingo : _bMinisterio de Cultura, _bEditora Nacional, _c2014. |
||
| 300 |
_a85 p. ; _c22 cm. |
||
| 500 | _aIncluye datos biográficos del autor en la contracubierta. | ||
| 590 | _aInventariado, 2019/LP | ||
| 505 | 0 |
_aPresentación -- _tHisstoria de un libro y una fundación: tierra blanca (narraciones) y la Fundación Tierra Blanca -- _tCuento y poesía -- _tCañamaca -- _tTierra blanca -- _tNube negra -- _tRosenda -- _tBiografía de un recuerdo -- _tVitia, "La dolorosa" -- _tLa sonrisa -- _tEl gallo-- |
|
| 700 | 1 |
_aFlorián, Nouel, _eprest. _975914 |
|
| 999 |
_c47978 _d47978 |
||